000 00737nam a2200229Ia 4500
003 OSt
005 20220918174520.0
006 a|||||r|||| 00| 0
007 ta
008 220917b |||||||| |||| 00| 0 eng d
024 _a12,647
037 _cTextual
040 _aARTS
_cARTS
_beng
041 _2eng
_aeng
082 _a/\40N244:C, L1;L1
100 _aFergusson James
_924302
245 0 _aTree and serpent worship or illustrations of mythology and art in India in the first and fourth centuries after Christ from the sculptures of the Buddhist topes at Sanchi and Amravati
260 _c1971
650 _aSPIRITUALISM
942 _h/\40N244:C, L1;L1
_cTEXL
_2CC
999 _c153509
_d153509